The Global possible : (Record no. 147018)

MARC details
000 -LEADER
fixed length control field 00852nam a2200253 a 4500
008 - FIXED-LENGTH DATA ELEMENTS--GENERAL INFORMATION
fixed length control field
020 ## - INTERNATIONAL STANDARD BOOK NUMBER
International Standard Book Number 8185336539 (cased)
090 0# - LOCALLY ASSIGNED LC-TYPE CALL NUMBER (OCLC); LOCAL CALL NUMBER (RLIN)
Classification number (OCLC) (R) ; Classification number, CALL (RLIN) (NR) HD75.6
003 - CONTROL NUMBER IDENTIFIER
control field
005 - DATE AND TIME OF LATEST TRANSACTION
control field 20230123133339.0
040 ## - CATALOGING SOURCE
Transcribing agency NUST
049 ## - LOCAL HOLDINGS (OCLC)
Holding library MAIN
245 04 - TITLE STATEMENT
Title The Global possible :
Remainder of title resources, development, and the new century /
Statement of responsibility, etc. edited by Robert Repetto.
260 ## - PUBLICATION, DISTRIBUTION, ETC.
Place of publication, distribution, etc. New Haven :
Name of publisher, distributor, etc. Yale University Press,
Date of publication, distribution, etc. c1985.
300 ## - PHYSICAL DESCRIPTION
Extent xv, 538 p. ;
Dimensions 24 cm.
504 ## - BIBLIOGRAPHY, ETC. NOTE
Bibliography, etc. note Includes bibliographical references.
500 ## - GENERAL NOTE
General note Includes index.
650 #0 - SUBJECT ADDED ENTRY--TOPICAL TERM
Topical term or geographic name entry element Economic development
General subdivision Environmental aspects
-- Congresses.
700 10 - ADDED ENTRY--PERSONAL NAME
Personal name Repetto, Robert C.
710 20 - ADDED ENTRY--CORPORATE NAME
Corporate name or jurisdiction name as entry element World Resources Institute.
711 20 - ADDED ENTRY--MEETING NAME
Meeting name or jurisdiction name as entry element Global Possible Conference
Date of meeting or treaty signing (1984 :
Location of meeting Wye Plantation)
907 ## - LOCAL DATA ELEMENT G, LDG (RLIN)
a .b1008289x
b 21-07-03
c 16-07-03
942 ## - ADDED ENTRY ELEMENTS (KOHA)
Koha item type Ordinary Loan Books
Call number prefix HD75.6
Holdings
Date last seen Total Checkouts Full call number Barcode Cost, replacement price Price effective from Koha item type Lost status Source of classification or shelving scheme Damaged status Not for loan Collection Withdrawn status Home library Current library Shelving location Date acquired Cost, normal purchase price
01/23/2023 6 HD75.6 GLO 92003004318 80.00 01/23/2023 BOOKS   LCC   1 NFIC   MAIN MAIN GEN 01/23/2023 80.00